<?xml version="1.0" encoding="UTF-8"?><?xml-stylesheet type="text/xsl" href="static/style.xsl"?><OAI-PMH xmlns="http://www.openarchives.org/OAI/2.0/" xmlns:xsi="http://www.w3.org/2001/XMLSchema-instance" xsi:schemaLocation="http://www.openarchives.org/OAI/2.0/ http://www.openarchives.org/OAI/2.0/OAI-PMH.xsd"><responseDate>2026-06-29T02:42:06Z</responseDate><request verb="GetRecord" identifier="oai:docta.ucm.es:20.500.14352/125827" metadataPrefix="marc">https://docta.ucm.es/rest/oai/request</request><GetRecord><record><header><identifier>oai:docta.ucm.es:20.500.14352/125827</identifier><datestamp>2025-11-07T01:11:23Z</datestamp><setSpec>com_20.500.14352_14</setSpec><setSpec>col_20.500.14352_15</setSpec></header><metadata><record xmlns="http://www.loc.gov/MARC21/slim" xmlns:dcterms="http://purl.org/dc/terms/" xmlns:xsi="http://www.w3.org/2001/XMLSchema-instance" xmlns:doc="http://www.lyncode.com/xoai" xsi:schemaLocation="http://www.loc.gov/MARC21/slim http://www.loc.gov/standards/marcxml/schema/MARC21slim.xsd">
   <leader>00925njm 22002777a 4500</leader>
   <datafield ind2=" " ind1=" " tag="042">
      <subfield code="a">dc</subfield>
   </datafield>
   <datafield ind2=" " ind1=" " tag="720">
      <subfield code="a">Boscia, A.</subfield>
      <subfield code="e">author</subfield>
   </datafield>
   <datafield ind2=" " ind1=" " tag="720">
      <subfield code="a">Galizzi, A.</subfield>
      <subfield code="e">author</subfield>
   </datafield>
   <datafield ind2=" " ind1=" " tag="720">
      <subfield code="a">Caccia, M.</subfield>
      <subfield code="e">author</subfield>
   </datafield>
   <datafield ind2=" " ind1=" " tag="720">
      <subfield code="a">Caroli, V.</subfield>
      <subfield code="e">author</subfield>
   </datafield>
   <datafield ind2=" " ind1=" " tag="720">
      <subfield code="a">Ortiz Díez, Gustavo</subfield>
      <subfield code="e">author</subfield>
   </datafield>
   <datafield ind2=" " ind1=" " tag="720">
      <subfield code="a">Toschi Corneliani, R.</subfield>
      <subfield code="e">author</subfield>
   </datafield>
   <datafield ind2=" " ind1=" " tag="720">
      <subfield code="a">Spalla, I.</subfield>
      <subfield code="e">author</subfield>
   </datafield>
   <datafield ind2=" " ind1=" " tag="260">
      <subfield code="c">2025</subfield>
   </datafield>
   <datafield ind2=" " ind1=" " tag="520">
      <subfield code="a">Introduction/objectives: 
In dogs with myxomatous mitral valve disease (MMVD) American College of Veterinary Internal Medicine (ACVIM) stage D, hydrochlorothiazide (HCTZ) can be added to achieve sequential nephron blockade. Information on outcome, survival, and complications in this group of patients receiving HCTZ is limited, hence the aim of the present retrospective observational, longitudinal study.
Animals, materials and methods: 
A single-referral-center cohort study was conducted; 25 dogs diagnosed with MMVD stage D receiving HCTZ as part of multimodal treatment of refractory congestive heart failure were included in the study. Data retrieved included cardiac treatment at T0 (when HCTZ was first prescribed) and subsequent visits, available bloodwork, echocardiographic assessment, additional diagnostics, cause of death, and survival time.
Results: 
Mean starting dose of HCTZ was 0.8 mg/kg every 48 h, with progressive increases (latest mean recorded HCTZ dose: 1.5 mg/kg/day). Azotemia was identified in three dogs at T0 and in 11 dogs following HCTZ addition. Three dogs experienced clinically relevant side effects, resulting in discontinuation of HCTZ in one dog. Twenty dogs died, the majority due to cardiac disease (90). Median survival time of the cohort was 268 days.
Study limitations: 
Limitations of this study included the retrospective nature of the study and small sample size.
Conclusions: 
Although associated with an increase in renal parameters, HCTZ addition at the study dosages appeared clinically tolerated in most dogs with MMVD ACVIM stage D, with a prolonged median survival time for dogs in ACVIM stage D</subfield>
   </datafield>
   <datafield ind1="8" ind2=" " tag="024">
      <subfield code="a">Boscia, A., Galizzi, A., Caccia, M., Caroli, V., Ortiz Diez, G., Toschi Corneliani, R., &amp; Spalla, I. (2025). Retrospective review of the use of hydrochlorothiazide in dogs with myxomatous mitral valve disease and refractory congestive heart failure (American College of Veterinary Cardiology stage D). Journal of veterinary cardiology : the official journal of the European Society of Veterinary Cardiology, 62, 152–163. Advance online publication. https://doi.org/10.1016/j.jvc.2025.09.005</subfield>
   </datafield>
   <datafield ind1="8" ind2=" " tag="024">
      <subfield code="a">1760-2734</subfield>
   </datafield>
   <datafield ind1="8" ind2=" " tag="024">
      <subfield code="a">10.1016/j.jvc.2025.09.005</subfield>
   </datafield>
   <datafield ind1="8" ind2=" " tag="024">
      <subfield code="a">https://hdl.handle.net/20.500.14352/125827</subfield>
   </datafield>
   <datafield ind1="8" ind2=" " tag="024">
      <subfield code="a">1875-0834</subfield>
   </datafield>
   <datafield ind1="8" ind2=" " tag="024">
      <subfield code="a">https://doi.org/10.1016/j.jvc.2025.09.005</subfield>
   </datafield>
   <datafield ind1="8" ind2=" " tag="024">
      <subfield code="a">41129861</subfield>
   </datafield>
   <datafield ind2="0" ind1="0" tag="245">
      <subfield code="a">Retrospective review of the use of hydrochlorothiazide in dogs with myxomatous mitral valve disease and refractory congestive heart failure (American College of Veterinary Cardiology stage D)</subfield>
   </datafield>
</record></metadata></record></GetRecord></OAI-PMH>